Top 100 mejores series de la historia - Estadísticas

Estadísticas generales
  • Esta prueba ha sido intentada 239 veces
  • La puntuación promedio es 19 de 100
Estadísticas de respuestas
Respuesta % Correcto
Breaking Bad
81%
Juego de Tronos
80%
Friends
68%
Stranger Things
65%
La Casa de Papel
64%
Los Soprano
49%
The office
47%
House M.D.
44%
The Big Bang Theory
44%
Lost
43%
Modern Family
43%
The Walking Dead
43%
Vikings
42%
Peaky Blinders
41%
Better Call Saul
36%
Grey's Anatomy
36%
How I Met your Mother
35%
Dexter
31%
Chernobyl
29%
Dark
28%
Gossip Girl
28%
Prison Break
28%
Black Mirror
26%
Los 100
25%
Suits
25%
The boys
24%
The Wire
24%
Rick y Morty
22%
The Good Doctor
21%
Euphoria
20%
Pretty Little Liars
20%
Riverdale
20%
You
19%
Gilmore Girls
18%
Juego del Calamar
18%
Narcos
18%
Sex and the City
18%
Sherlock
18%
The Bear
18%
The Crown
18%
The Last of Us
18%
Succesion
17%
Bridgerton
16%
Mad Men
16%
Outlander
14%
Por 13 Razones
14%
Shameless
14%
Teen Wolf
14%
House of Cards
13%
Seinfeld
13%
The Witcher
13%
Orange is The New Black
12%
True Detective
12%
American Horror Story
11%
Band of Brothers
11%
Bojack Horseman
11%
Criminal Minds
11%
Lucifer
11%
Mr Robot
11%
Outer Banks
11%
Severance
11%
Sex Education
11%
Smallville
11%
Twin Peaks
11%
Sobrenatural
10%
Fargo
9%
Fleabag
9%
Oz
9%
Sons of Anarchy
9%
The Mentalist
9%
The Pitt
9%
Vampire Diaries
9%
Yellowstone
9%
Mindhunter
8%
Six feet under
8%
Barry
7%
Brooklyn 99
7%
Ozark
7%
This Is Us
7%
House of the Dragon
6%
Parks and Recreation
6%
The White Lotus
6%
From
5%
Hannibal
5%
Homeland
5%
Ted Lasso
5%
The Good Place
5%
The Leftovers
5%
24
4%
Scrubs
4%
Andor
3%
Boardwalk Empire
3%
Community
3%
Snowfall
3%
The Handmaid's Tale
3%
The Shield
3%
Arrested Development
2%
Watchmen
2%
Atlanta
1%
Person of Interest
1%
No se encontraron pruebas coincidentes
Distribución de puntuación
Porcentaje de gente con cada puntuación
Porcentaje por número respondido
Historial de tus puntuaciones
No has intentado esta prueba.